000 00410nam a22001337a 4500
082 _a628.1
_bGAR
100 _aGarg, Santosh Kumar
_925137
245 _aWater supply engineering
_bEnvironmental Engineering Vol-I
260 _aNew Delhi,
_bKhanna Publishers,
_c1977.
300 _axx, 1064p.
_c24cm.
526 _a0
_b0
_c0
_d628_100000000000000_GAR
650 _aWater supply engineering
_9391
942 _2ddc
_cBK
999 _c554349
_d554349